书目信息 |
| 题名: |
健康性心理问题研究
|
|
| 作者: | 梁冬梅 著 | |
| 分册: | ||
| 出版信息: | 长春 吉林大学出版社 2010.09 |
|
| 页数: | 255页 | |
| 开本: | 21cm | |
| 丛书名: | ||
| 单 册: | ||
| 中图分类: | R161.1 | |
| 科图分类: | ||
| 主题词: | 心理保健--xin li bao jian--研究 | |
| 电子资源: | ||
| ISBN: | 978-7-5601-6357-4 | |
| 000 | 00724nam0 2200253 450 | |
| 001 | yy0000005399 | |
| 005 | 20110723091402.40 | |
| 010 | @a978-7-5601-6357-4@dCNY22.00 | |
| 100 | @a20110125d2010 km y0chiy50 ea | |
| 101 | 0 | @achi |
| 102 | @aCN@b220000 | |
| 105 | @aa z 000yy | |
| 106 | @ar | |
| 200 | 1 | @a健康性心理问题研究@Ajian kang xing xin li wen ti yan jiu@f梁冬梅著 |
| 210 | @a长春@c吉林大学出版社@d2010.09 | |
| 215 | @a255页@c图@d21cm | |
| 330 | @a本书包括心理障碍、危机事件、性心理、儿童心理问题等。 | |
| 333 | @a一般读者 | |
| 586 | @a | |
| 606 | 0 | @a心理保健@Axin li bao jian@x研究 |
| 690 | @aR161.1@v5 | |
| 701 | 0 | @a梁冬梅@Aliang dong mei@4著 |
| 801 | 0 | @aCN@c20110610 |
| 905 | @dR161.1@eL397@f3 | |
| 健康性心理问题研究/梁冬梅著.-长春:吉林大学出版社,2010.09 |
| 255页:图;21cm |
| 使用对象:一般读者 |
| ISBN 978-7-5601-6357-4:CNY22.00 |
| 本书包括心理障碍、危机事件、性心理、儿童心理问题等。 |
| ● |
| 相关链接 |
|
|
|
正题名:健康性心理问题研究
索取号:R161.1/L397
 
预约/预借
| 序号 | 登录号 | 条形码 | 馆藏地/架位号 | 状态 | 备注 |
| 1 | 887032 | 208870328 | 自科库401/401自科库 5排4列2层/ [索取号:R161.1/L397] | 在馆 | |
| 2 | 887033 | 208870337 | 自科库401/401自科库 5排4列2层/ [索取号:R161.1/L397] | 在馆 | |
| 3 | 887034 | 208870346 | 自科库401/401自科库 5排4列2层/ [索取号:R161.1/L397] | 在馆 |